000
00354 a2200169 4500
001
174522
020
_a
85-08-03996-4
040
_c
Magnum
100
_a
França, Mary
240
1
0
_a
Alfabeto dos pingos
_l
por
245
1
0
_a
Alfabeto dos pingos
300
_a
48
362
0
_a
1996
440
1
_a
Ática
697
_a
LITERATURA INFANTIL
942
_c
BK
999
_c
174522
_d
174522